000 00923nam a2200289 i 4500
003 EG-GICUC
005 20260305221354.0
008 260305s1915 uk ||||fr|||| 000 0 eng d
040 _aEG-GiCUC
_beng
_cEG-GiCUC
_dEG-GiCUC
_eRda
082 0 4 _221
_a341.6
_bPY . L
092 0 4 _221
099 _aLaw1 11 341.6 PY . L 1915
100 1 _aPyke, H. Reason
_eAuthor.
245 1 4 _aThe Law of Contraband of War /
_cH. Reason Pyke.
_n
_b
264 3 _aOxford :
_bat the Clarendon Press,
_c1915.
300 _a314page :
_billustration ;
_c 24 cm.
336 _2rda contenu
_a texte
337 _2rda medias
_aOrdinateur
338 _2 transporteur rda
_a Ressource en ligne
504 _aBibliography: pages 200-250.
546 _aText in English
650 1 4 _aPublic international law
_2
651 1 _2
856 4 0 _uhttps://fll.law.cu.edu.eg/fulltext/bks/B11-08638.pdf
905 _a50
942 _2ddc
_cBK
_e21
_n0
999 _c65120
_d65120